|
|
|
|
| LEADER |
00000nas a2200000 a 4500 |
| 001 |
ssj0012252 |
| 003 |
WaSeSS |
| 005 |
20200512172242.0 |
| 006 |
m d |
| 007 |
cr n |
| 008 |
980123c19769999cautr p s 0 0eng c |
| 010 |
|
|
|a 2003210950
|
| 015 |
|
|
|a GBB3B1907
|2 bnb
|
| 016 |
7 |
|
|a 2011797-8
|2 DE-600
|
| 016 |
7 |
|
|a 016560331
|2 Uk
|
| 022 |
|
|
|a 1327-2020
|l 0312-8962
|y 0312-8962
|
| 035 |
|
|
|a (WaSeSS)ssj0012252
|
| 040 |
|
|
|a N@F
|b eng
|c N@F
|d OCL
|d OCLCQ
|d DLC
|d BNG
|d AAA
|d OCLCQ
|d CLU
|d OCLCQ
|d OCLCO
|d DLC
|d OCLCF
|d OCLCO
|d OCLCQ
|d NLE
|d KSU
|d AU@
|d UKMGB
|d OCLCQ
|d OCLCO
|d VT2
|d UUM
|d CNTRU
|d NJT
|d OCLCQ
|d OCLCO
|d WaSeSS
|
| 042 |
|
|
|a pcc
|
| 050 |
0 |
0 |
|a HD28
|
| 082 |
0 |
4 |
|a 070.572
|
| 130 |
0 |
|
|a Australian journal of management (Online)
|
| 222 |
|
0 |
|a Australian journal of management
|b (Online)
|
| 245 |
1 |
0 |
|a Australian journal of management
|h [electronic resource].
|
| 246 |
1 |
|
|i Also known as:
|a Electronic Australian journal of management
|
| 260 |
|
|
|3 1975- :
|a Sydney NSW, Australia :
|b Australian Graduate School of Management
|
| 260 |
3 |
|
|3 2010- :
|a Los Angeles :
|b Sage Publications
|
| 310 |
|
|
|a Three issues a year,
|b 2001-
|
| 321 |
|
|
|a Semiannual,
|b <1991>-1999
|
| 362 |
1 |
|
|a Print began with v. 1, no. 1 (Apr. 1976).
|
| 506 |
|
|
|a License restrictions may limit access.
|
| 515 |
|
|
|a Volumes for 2001- contain two numbered issues and one special issue.
|
| 588 |
|
|
|a Description based on: Vol. 16, no. 1 (June 1991); title from table of contents screen (publisher's Web site, viewed Dec. 3, 2003).
|
| 588 |
|
|
|a Latest issue consulted: Volume 37, number 2 (April 2012) (Sage journals, viewed June 8, 2012).
|
| 650 |
|
0 |
|a Management
|v Periodicals.
|
| 650 |
|
0 |
|a Economics
|v Periodicals.
|
| 650 |
|
7 |
|a Economics.
|2 fast
|0 (OCoLC)fst00902116
|
| 650 |
|
7 |
|a Management.
|2 fast
|0 (OCoLC)fst01007141
|
| 655 |
|
0 |
|a Electronic journals.
|
| 710 |
2 |
|
|a Australian Graduate School of Management.
|
| 776 |
0 |
8 |
|i Print version:
|t Australian journal of management
|x 0312-8962
|w (DLC)sn 84010478
|w (OCoLC)4748496
|
| 856 |
4 |
0 |
|z Full text available from Research Library: 06/01/1998 to 06/01/2009
|u https://search.proquest.com/publication/4491
|